Šťastie /

Hlavní autor: Benková, Jana, 1970-2026
Jazyk: Slovenština
Vydáno: Praha : Naše vojsko, 2019
Témata:
Fyzický popis: 265 stran ; 20 cm
Knihy
Uloženo v:
LEADER 01145nam a2200361 i 4500
001 nkc20193147864
003 CZ PrNK
005 20191115095222.0
007 ta
008 191014s2019 xr g 000 f slo
015 |a cnb003147864 
020 |a 978-80-206-1817-7  |q (vázáno) 
035 |a (OCoLC)1130265139 
040 |a OLA001  |b cze  |e rda 
072 7 |a 821.162.4  |x Slovenská literatura  |2 Konspekt  |9 25 
080 |a 821.162.4-31  |2 MRF 
080 |a (0:82-31)-055.2  |2 MRF 
100 1 |a Benková, Jana,  |d 1970-2026  |7 xx0167991  |4 aut 
245 1 0 |a Šťastie /  |c Jana Benková 
264 1 |a Praha :  |b Naše vojsko,  |c 2019 
300 |a 265 stran ;  |c 20 cm 
336 |a text  |b txt  |2 rdacontent 
337 |a bez média  |b n  |2 rdamedia 
338 |a svazek  |b nc  |2 rdacarrier 
655 7 |a slovenské romány  |7 fd133450  |2 czenas 
655 7 |a romány pro ženy  |7 fd187897  |2 czenas 
655 9 |a Slovak fiction  |2 eczenas 
655 9 |a women's novels  |2 eczenas 
910 2 |a BOA001  |b 1-1434.548 
990 |a BK 
995 |a 01 
991 |b 201910  |c NOV 
996 6 |b 2610799989  |c 1-1434.548  |l MZK  |r Sklad / do 1 hodiny  |n 1  |p p.v.  |w 001762367  |u 000010  |a 1  |e BOA001  |j MZK50  |s P